Ṭurfat al-aṣḥāb fī maʻrifat al-ansāb /
Main Author:
Other Authors: ,
Format: Book
Language: Arabic
Published:
Dimashq :
Matḅa ʻat al-Taraqqī,
1949.
Subjects:
Tags: Add Tag
Call Number: CS1128 .Y4 M3 1949
| LEADER | 01252nam a2200253Ia 4500 | ||
|---|---|---|---|
| 003 | OSt | ||
| 005 | 20230212113300.0 | ||
| 008 | 130303s1949 sy g 000 0 ara d | ||
| 952 | |0 0 |1 0 |2 lcc |4 0 |6 CS1128 Y4 M3 01949 |7 1 |9 45553 |a ARCE |b ARCE |d 2023-02-12 |l 0 |o CS1128 .Y4 M3 1949 |p 1032390 |r 2023-02-12 00:00:00 |w 2023-02-12 |y BK | ||
| 999 | |c 23983 |d 23983 | ||
| 040 | |c ARCE Library | ||
| 050 | 4 | |a CS1128 .Y4 M3 1949 | |
| 100 | 1 | |6 880-01 |a ʻUmar ibn Yūsuf, |c Sultan of Yemen, |d -1296, |e author | |
| 245 | 1 | 0 | |6 880-02 |a Ṭurfat al-aṣḥāb fī maʻrifat al-ansāb / |c tasṇīf al-sultạ̄n al-malik al-ashraf ʻUmar ibn Yūsuf ibn Rasūl ; hạqqaqahu K. W. Sitirsitīn. |
| 264 | 1 | |a Dimashq : |b Matḅa ʻat al-Taraqqī, |c 1949. | |
| 300 | |a 42, 248 pages ; |c 25 cm. | ||
| 650 | 0 | |a Arab countries |x Genealogy. | |
| 651 | 0 | |a Yemen |x Genealogy. | |
| 700 | 1 | |a Zetterstéen, K. V. |q (Karl Vilhelm), |d 1866-1953. |9 42673 | |
| 700 | 1 | |a Munajjid, Ṣalāḥ al-Dīn. | |
| 880 | 1 | |6 100-01/(3/r |a عمر بن يوسف، سلطان اليمن، |d 1296. | |
| 880 | 1 | 0 | |6 245-02/(3/r |a طرفة الأصحاب في معرفة الأنساب |c عمر بن يوسف، سلطان اليمن ؛ ك. و. سترستين. |
| 901 | |a reviewed | ||
| 942 | |c BK |2 lcc | ||
